Osnovy teorii igr beskoalicionnyje igry

Salvato in:
Dettagli Bibliografici
Natura: Libro
Lingua:russo
Pubblicazione: Moskva Nauka 1984
Tags: Aggiungi Tag
Nessun Tag, puoi essere il primo ad aggiungerne!!

MARC

LEADER 00000nam a2200000 4500
001 c108266
005 20260128080030.5
041 0 |a rus 
044 |a RU 
245 1 0 |a Osnovy teorii igr  |b beskoalicionnyje igry  |c Nikolaj Nikolajevič Vorob'jev 
264 1 |a Moskva  |b Nauka  |c 1984 
300 |a 495 s.